000 00299nam a22001337a 4500
008 170526b xxu||||| |||| 00| 0 eng d
020 _a900470055129
041 _aeng
080 _210TH
_a621(075.8)
100 _a27
101 _aIM
245 _aMATERIALS&PROCESSES
_cBLACK,J.T
942 _2udc
_cBK
999 _c14450
_d14450